| 000 | 00492nam a2200181 4500 | ||
|---|---|---|---|
| 001 | 108257 | ||
| 003 | ES-MaACL | ||
| 007 | t| | ||
| 008 | 061121s1982 sp r ||||1| spa d | ||
| 100 | 1 |
_aMollá, Juan. _982043 |
|
| 245 | 1 | 0 |
_aMemorias de papeles amarillos / _cJuan Mollá. |
| 260 |
_aSalamanca : _bCalatrava, _c1982. |
||
| 300 |
_a90 p. ; _c22 cm. |
||
| 490 | 1 |
_aArbolé ; _v45 |
|
| 830 | 0 |
_aArbolé ; _v45 _9181033 |
|
| 852 |
_aES-MaACL _jL-3407 _bR.104261 |
||
| 999 |
_c108257 _d108257 |
||